| 000 | 00460nam a2200181 a 4500 | ||
|---|---|---|---|
| 001 | 1770453313790 | ||
| 003 | YourLibrary | ||
| 005 | 20260207140847.0 | ||
| 008 | 260207s2009##################000#0#eng## | ||
| 020 | _a9780300124552 | ||
| 082 | 0 | 4 |
_a330.94107 _bMOK |
| 100 | 1 |
_aMokyr, Joel, _eauthor. |
|
| 245 | 1 | 0 | _aThe Enlightened Economy : |
| 260 | _c2009. | ||
| 650 | 0 | _aBUSINESS & ECONOMICS. | |
| 942 | _cENGLISH | ||
| 040 |
_aYourLibrary _beng _cYourLibrary |
||
| 999 |
_c611131 _d611131 |
||